| 000 | 00580nam a2200169Ia 4500 | ||
|---|---|---|---|
| 008 | 090711s9999 xx 000 0 und d | ||
| 082 | _b9822 | ||
| 100 | _aरानडे स. अ. | ||
| 245 | _aमॅट्रिक आसपासSया वाटा | ||
| 260 |
_bउद्यम प्रकाशन _c1959 |
||
| 300 | _a104 | ||
| 600 | _aरानडे स. अ. | ||
| 630 | _aमॅट्रिक आसपासSया वाटा | ||
| 700 | _aरानडे स. अ. | ||
| 730 | _aमॅट्रिक आसपासSया वाटा | ||
| 942 | _cBOOK | ||
| 999 |
_c282877 _d282877 |
||